[Event "Tata Steel-A 74th"]
[Site "Wijk aan Zee"]
[Date "2012.01.28"]
[Round "12"]
[White "Gelfand, Boris"]
[Black "Aronian, Levon"]
[Result "0-1"]
[WhiteElo "2739"]
[BlackElo "2805"]
[Annotator "Marin,M"]
[PlyCount "106"]
[EventDate "2012.01.14"]
[EventType "tourn"]
[EventRounds "13"]
[EventCountry "NED"]
[EventCategory "21"]
[SourceTitle "CBM 147"]
[Source "ChessBase"]
[SourceDate "2012.03.16"]
[SourceVersion "1"]
[SourceVersionDate "2012.03.16"]
[SourceQuality "1"]

1. d4 d5 2. c4 e6 3. Nc3 Be7 {This move order is directed agains the Exchange
Variation with Bg5.} ({After} 3... Nf6 {White cannot transpose to the game
variation by delaying Nf3, since} 4. Bf4 $6 {can be met with} c5 {when} 5. dxc5
$6 Bxc5 {wins a tempo over the normal lines.}) 4. Bf4 Nf6 5. e3 O-O 6. a3 Nbd7
{Black usualy refrains from this, probably fearing White's next move.} 7. Nb5
Ne8 $146 {A natural move, but a novelty in a virtually unknwon position.} 8.
Nf3 c6 9. Nc3 f5 10. h3 Nd6 {By this regrouping, Aronian tries to prove that ..
.Ne8 was not a loss of time, while Nb5-c3 definitely was. Still, adopting the
Stonewall structure pre-supposes certain strategic risks.} 11. cxd5 exd5 12.
Bd3 Nf6 13. Ne5 Nfe4 14. O-O Nf7 15. Qc2 Bd6 {Everything logical. One knight
has occupied the e4-square, the other fights against the intruder from e5.} 16.
Bh2 Nxe5 17. Bxe5 Bxe5 18. dxe5 {A complex situation. White will not find it
easy to prove his bishop better than his opponent's since Black has an active
position. The next phase is difficult to annotate since both sides play
unexpected moves.} a5 (18... Qe7 $5 19. f4 Be6 20. b4 g5 $5) 19. Na4 b5 $6 (
19... Qc7 20. f4 b6) 20. Nc5 $6 (20. Qxc6 $1 Ra6 21. Qxb5 Rg6 {[%cal Gd8g5]}
22. f4 Ba6 23. Qb3 Nd2 24. Qc2 Nxf1 25. Rxf1 Bxd3 26. Qxd3 $16 {with
overwhelming compensation for the exchange.}) 20... Qe7 21. Rac1 $6 (21. Nb3 $5
) 21... Qxe5 22. f4 Qd6 23. Bxe4 fxe4 {Optically, White has compensation for
the sacrificed pawn. The problem is that Black has good attacking chances on
the kingside, transforming the supposedly bad bishop into a dangerous piece.}
24. Nb3 Bd7 25. Qc5 Qg6 26. Kh2 h5 27. Nd4 Rac8 28. b4 axb4 29. axb4 h4 30. Ne2
Rf6 31. Ra1 Rcf8 32. Qe7 R8f7 33. Qd8+ Kh7 34. Rg1 Qh6 35. Ra7 Rf8 36. Qc7 R6f7
37. Qe5 Re8 38. Qc3 g5 39. Rf1 Qd6 40. Kg1 Ref8 41. Qc5 Qh6 42. f5 Kg8 43. f6
g4 44. hxg4 h3 45. Nf4 hxg2 46. Kxg2 Qxf6 47. Kg3 Rh7 48. g5 Qxg5+ 49. Kf2
Rxf4+ 50. exf4 Rh2+ 51. Ke3 Qg3+ 52. Kd4 Qg7+ 53. Ke3 Rh3+ 0-1

[Event "Santiago Entel Cup 2nd"]
[Site "Santiago de Chile"]
[Date "2005.03.21"]
[Round "11"]
[White "Michel Yunis, Christian D"]
[Black "Ricardi, Pablo"]
[Result "1-0"]
[WhiteElo "2341"]
[BlackElo "2547"]
[Annotator "Marin,M"]
[PlyCount "121"]
[EventDate "2005.03.15"]
[EventType "tourn"]
[EventRounds "13"]
[EventCountry "CHI"]
[EventCategory "9"]
[SourceTitle "CBM 106"]
[Source "ChessBase"]
[SourceDate "2005.06.06"]
[SourceVersion "1"]
[SourceVersionDate "2005.06.06"]
[SourceQuality "1"]

1. d4 Nf6 2. Nf3 d5 3. c4 e6 4. Nc3 Nbd7 5. cxd5 exd5 6. Bg5 c6 7. e3 Be7 8.
Bd3 O-O 9. Qc2 g6 $5 10. O-O Nh5 {A relatively unexplored variation. Black
usually carries out this manoeuvre before castling. In both cases, the idea is
to get some space by exchanging the dark squared bishops, without having to
commit himself to ...Ne4, which could lead to modifications of the pawn
structure.} 11. Bxe7 ({With the exception of very few and not too relevant
games,} 11. Bh6 {has not been tested seriously.} Ng7 12. Rab1 Nf6 13. b4 a6 14.
a4 Re8 15. Bxg7 (15. b5 axb5 16. axb5 Bf5 $5) 15... Kxg7 16. b5 axb5 17. axb5
c5 $132 {/+/=}) 11... Qxe7 12. Rab1 Nhf6 {This apparent loss of time is
connected with a concrete idea. Black places his knights in a way that allows
him to meet the minority's attack without weakening his pawn structure.} ({
The more typical plan starting with} 12... Ndf6 {actually loss a tempo upon
the variation 8...Nf8 followed by 9...Ne6 10.Bh4 g6 and 11...Nh5.} 13. b4 Bg4
14. Ne5 Be6 15. Rfc1 Rfc8 16. Na4 Ng7 17. Qc5 Qe8 18. Rb2 Nf5 19. Re2 $5 {
(Maintaining the possibility of playing on both wings)} Qd8 20. Qc2 Nd6 21. Nc5
Qe7 22. f3 $14 a5 23. Na4 $1 Re8 24. Nb6 Rad8 (24... Ra7 25. bxa5 Rxa5 26. Qc3
Ra7 27. a4 $14) (24... Ra7 25. Qc5 axb4 $5) 25. bxa5 $16 {1-0 Portisch,L-Szily,
J/Budapest 1956/EXT 99 (48)}) 13. b4 a6 $146 {Technically, this is the novelty,
but conceptually we could award this title to the previous move.} (13... b5 $6
14. a4 a6 15. a5 $14 {1/2-1/2 Huss,A-Mantzouneas,N/Biel 2000/CBM 077 ext (39)})
14. a4 Nb6 $5 {[%csl Yc4] Once the white dark squared has dissapeared from
board, this is a rather stable square for the knight in the perspective of the
thematic b5.} 15. Rfc1 ({If White wanted to proceed with his initial plan,
this was the only possible moment to play} 15. b5 {since after this moment,
Black will improve his development move by move.} cxb5 (15... axb5 16. axb5 c5
{[%csl Yb6]}) 16. axb5 a5 $5 {[%csl Yb6][%cal Rc8e6,Rf8c8]} 17. Na4 $1 Nxa4 (
17... Nfd7 18. Nc5 $32) 18. Qxa4 Nd7 {(we can see here why the knight is
better placed on f6 than on g7)} 19. b6 $5 {(otherwise Black seems to be just
OK after ...Nb6)} Qd6 20. Qb5 a4 $13 {This position might be critical for the
evaluation of the variation.}) 15... Be6 16. Nd2 (16. b5 cxb5 17. axb5 a5 18.
Na4 Rfc8 19. Nc5 Nfd7 $132) 16... Rfe8 17. Ne2 {[%csl Yc4]} Rac8 {Black has
completed his development while White is not threatening anything concrete yet.
} 18. Qa2 {This move looks rather pointless.} ({White should have probably
radically changed his plans with} 18. a5 $5 {[%cal Rd2b3,Rb3c5,Rc1e1,Rb1d1,
Rf2f3,Re3e4,Re2c3]}) 18... Ng4 {[%cal Re7h4]} (18... Ne4 $5 $132) 19. Nf3 Nc4
20. Bxc4 dxc4 21. h3 Nf6 22. a5 Bd5 23. Ne5 Ne4 $13 24. Qc2 Nd6 25. Nc3 f6 26.
Nf3 Nb5 $13 {A difficult fight lies ahead, where Black's chances are not worse.
} (26... Bxf3 $13) 27. Qe2 Rcd8 28. Na4 Bf7 29. Qb2 g5 30. Nd2 Nd6 31. Nb6 Bd5
32. Re1 f5 33. Rbc1 g4 34. hxg4 fxg4 35. Qc2 Qg5 36. e4 Nxe4 37. Nxe4 Rxe4 38.
Rxe4 Bxe4 39. Qxc4+ Bd5 40. Qc3 Re8 41. Re1 Rxe1+ 42. Qxe1 Kf7 43. Nd7 Qf4 44.
Qe5 Qe4 45. Qxe4 Bxe4 46. Nc5 Bf5 47. Nxb7 Ke7 48. Nc5 Bc8 49. Kf1 Kd6 50. Ke2
Kd5 51. Kd3 h5 52. g3 Bf5+ 53. Ke3 Bc8 54. Na4 Kc4 55. Nb6+ Kxb4 56. Nxc8 Kxa5
57. Kd3 Kb4 58. Ne7 c5 59. Nd5+ Kb5 60. Nc3+ Kc6 61. d5+ 1-0

[Event "FRA-chT Top 16 GpA"]
[Site "Mulhouse"]
[Date "2005.02.06"]
[Round "3"]
[White "Volkov, Sergey"]
[Black "Slobodjan, Roman"]
[Result "1/2-1/2"]
[WhiteElo "2612"]
[BlackElo "2544"]
[Annotator "Marin,M"]
[PlyCount "93"]
[EventDate "2005.02.04"]
[EventType "team"]
[EventRounds "7"]
[EventCountry "FRA"]
[SourceTitle "CBM 106"]
[Source "ChessBase"]
[SourceDate "2005.06.06"]
[SourceVersion "1"]
[SourceVersionDate "2005.06.06"]
[SourceQuality "1"]

1. d4 Nf6 2. c4 e6 3. Nc3 d5 4. cxd5 exd5 5. Bg5 c6 6. e3 Bf5 {A radical
attempt to solve the problem of the light squared bishop. The variation has
traditionally been considered as slightly dubious for Black, but in practice
things are by far not that easy and there is little wonder that many strong
GM's employ it occasionally, as a surprise weapon.} 7. Qf3 Bg6 8. Bxf6 Qxf6 9.
Qxf6 gxf6 {At a first glance, Black's position looks like a complete
strategical disaster. However, taking advantage of the king side weaknesses is
not that easy for White, especially if Black will keep the f5-square well
defended.} 10. Nf3 {The wide range of moves tried here by White is a hint that
he failed to prove a clear advantage in any of them, rather than a consequence
of having an easy task.} (10. h4) (10. Nge2) (10. Kd2) 10... Nd7 11. g3 {
[%csl Rf5][%cal Yf3h4,Yf2f3,Ye1f2,Ya1d1,Yf1d3,Yd7b6,Yb6c8,Yc8d6,Yf8e7]
Starting with this move, both sides will start regrouping in order to take the
vital f5-square under control. Different move orders are possible to reach the
position after the 14th move.} (11. Nh4 $5 {/\f4-f5} Be7 12. g3 {might be the
more accurate move order.}) 11... Nb6 (11... a5 $1 {1-0 Bu Xiangzhi-Atalik,S/
Mallorca 2004/CBM 104/[Atalik] (58)}) 12. Nh4 Nc8 13. f3 (13. f4 $5 Nd6 {
[%csl Yf5]} 14. Bh3) 13... Nd6 14. Kf2 Be7 15. Re1 $146 {Judging from the
further course of the game, this novelty was probably not connected with any
concrete plan.} ({Volkov might have just ignored the plan based on} 15. Rd1
O-O-O 16. Bd3 {, which proved rather effective in practice.} Rhe8 (16... Bxd3
$6 17. Rxd3 f5 18. Ng2 Rde8 19. Ne2 Bg5 20. Nef4 Re7 $6 ({Gavrikov recommends} 
20... Bxf4 21. Nxf4 h5 $14 {as an improvement. White's position looks more
pleasant, but the only question is whether he really has a constructive plan
at his disposal.}) 21. Nh5 $1 {The bishop is completely useless now.} Rhe8 22.
h3 Kc7 23. f4 Bh6 24. Kf3 Rg8 25. g4 $16 {1-0 Gavrikov,V-Kulaots,K/Parnu 2002/
CBM 087 ext (34)}) 17. Rhe1 Bxd3 $6 ({Apparently, Black feared the positional
threat e3-e4. However, after, say,} 17... Rd7 18. e4 dxe4 19. fxe4 Bd8 {
, it is not at all clear whether the central pawns are such a strength; they
might also prove weak under certain circumstances.}) 18. Rxd3 f5 19. Ng2 Bg5
20. Ne2 Re7 (20... h5 $5 21. Nef4 Bxf4 22. Nxf4 Rh8 $14) 21. Nef4 Ne8 22. Rc3
Bxf4 23. Nxf4 Ng7 24. b4 Ne6 25. Nh5 Kb8 26. h3 Rg8 27. g4 fxg4 28. hxg4 Rg5
29. Ng3 $16 {1-0 Stohl,I-Rezan,S/Medulin 2002/CBM 090 ext (43)}) 15... O-O 16.
Ng2 Bd8 17. Nf4 Re8 18. h4 h6 ({Better than} 18... h5 {which would
unnecessarily weaken the h-pawn.}) 19. Nxg6 $6 ({White's last hope for an
advantage was} 19. Bd3 Kg7 20. h5 Bxd3 21. Nxd3 {. True, after} f5 {Black's
situation is definitely better than in the games where 15.Rd1 was played,
mainly because the advance of the pawn to h5 reduces the elasticity of the
white pawn structure and restricts White's possibilities on the king side.})
19... fxg6 20. g4 Kg7 21. Bd3 Ba5 $11 {With his pieces perfectly placed and a
solid pawn structure, Black has no problems.} 22. Re2 Re7 23. h5 g5 24. Rd1 Rf8
25. Bf5 Rfe8 26. Na4 Nc4 27. Rd3 Bb4 28. Bg6 Rd8 29. a3 Bd6 30. Nc3 Bc7 31. Rd1
Nd6 32. Na4 Rf8 33. Bf5 Rfe8 34. Rd3 Nc4 35. Bg6 Rf8 36. Nc3 Bb6 37. Na4 Bc7
38. Rc3 Nd6 39. Bf5 Rfe8 40. Nc5 Bb6 41. b4 a5 42. bxa5 Bxa5 43. Rb3 b6 44. Na6
Nc4 45. Nb4 Rc7 46. a4 Ra8 47. Bd3 1/2-1/2

[Event "Moscow Aeroflot op-A"]
[Site "Moscow"]
[Date "2005.02.16"]
[Round "2"]
[White "Nyback, Tomi"]
[Black "Filippov, Valerij"]
[Result "0-1"]
[WhiteElo "2554"]
[BlackElo "2621"]
[Annotator "Marin,M"]
[PlyCount "57"]
[EventDate "2005.02.15"]
[EventType "swiss"]
[EventRounds "9"]
[EventCountry "RUS"]
[SourceTitle "CBM 106"]
[Source "ChessBase"]
[SourceDate "2005.06.06"]
[SourceVersion "1"]
[SourceVersionDate "2005.06.06"]
[SourceQuality "1"]

1. d4 d5 2. c4 e6 3. Nf3 Nf6 4. Nc3 c6 5. Bg5 Nbd7 6. cxd5 exd5 7. e3 Be7 8.
Bd3 Ne4 $5 {This thematic knight jump has been relatively rarely seen in GM
practice. Although it has a rather long history, the variation came into the
the centre of theoretical discussions only recently. Obviously, the move is
possible only in the cases where, for several reasons, the white king's knight
was developed at an early stage.} 9. Bxe7 (9. Bxe4 Bxg5 10. Bd3 Be7 11. Qc2 Nf6
12. O-O O-O $11 {0-1 Enevoldsen,J-Euwe,M/Stockholm 1937/EXT 2000 (24)}) 9...
Qxe7 10. Qc2 {Considered to be the best. White increases the pressure against
the e4-square, without committing himself too early to an exchange.} ({In case
of} 10. Bxe4 dxe4 11. Nd2 Nf6 12. Qc2 Bf5 13. O-O O-O {the e4-pawn is rather
well defended, giving Black some chances for active king side operations.})
10... Ndf6 11. O-O (11. Ne5 O-O 12. O-O Nxc3 13. Qxc3 Ne4 14. Bxe4 dxe4 15. b4
Be6 16. Rfc1 Qg5 17. Kh1 Rad8 18. Qc2 Qh4 19. f4 exf3 20. Nxf3 Qh6 21. Re1 Rfe8
22. e4 Bg4 $15 {[%csl Yd4,Ye4] 0-1 Berkes,F-Fressinet,L/Plovdiv 2003/CBM 098 
(39)}) 11... Bf5 {This is not only aimed to consolidate the courageous knight.
Black has also a long term plan in mind, that of exchanging the light-squared
bishops, which would considerably reduce the strategic queen side dangers.} (
11... O-O {1/2-1/2 Kharlov,A-Kiriakov,P/Nizhnij Novgorod 1998/EXT 2000/
[Tsesarsky] (59)}) 12. Na4 ({White could have started with} 12. Ne5 O-O (12...
Nxc3 $2 13. Bxf5 Nce4 14. Nxc6 $1 $16) {but now} 13. Na4 {, in order to avoid
exchanges, wold have been necessary anyway, transposing to the game.} (13. f3
Nxc3 14. Bxf5 Nb5 $11)) 12... O-O 13. Ne5 g6 $5 $146 {Very consistent from the
point of view of Black's main idea, that of exchanging bishops.} (13... Nd7 $2
14. f3 Nxe5 15. dxe5 b5 16. fxe4 dxe4 17. Be2 $18 {1-0 Beliavsky,A-Volkmann,F/
Plovdiv 2003/CBM 098 (29)}) 14. Rab1 {[%cal Yb2b4]} (14. Rae1 $5 Rac8 (14...
Nd6 $5) 15. f3 Nd6 16. Bxf5 (16. e4 $6 dxe4 17. fxe4 Bxe4 $6 18. Bxe4 Nfxe4 19.
Rxe4 $2 Nxe4 20. Qxe4 f6 21. Qh4 g5 $17) 16... Nxf5 17. g4 Nd6 18. Nc5 b6 19.
Ncd3 c5 20. Qf2 {/\Nf4, g5, ><d5} Nd7 $5 21. Nf4 Nxe5 22. Nxd5 Qe6 (22... Qb7
$2 23. Nf6+ Kg7 24. dxe5 $18) 23. Nf4 Qe8 24. dxe5 Qxe5 25. Rd1 Nc4 $132 {
[%csl Yb2,Ye3]}) 14... Rac8 $6 {I do not understand why should Black provoke a
move that was in White's plan anyway.} (14... Nd6 $5 15. Bxf5 Nxf5 16. b4 Nd6
17. Nc5 Nfe4 18. a4 a6 19. Rfc1 (19. f3 Ng5) 19... f6 20. Ned3 (20. Ned7 Rf7
21. Nb6 Rd8) 20... Nc4 21. Nxe4 Qxe4 {[%csl Rb1,Rc2][%cal Yc4a3]} 22. Qc3 Nd6
$1 $15 {[%cal Ya8e8,Yg6g5,Yh7h5] White's queen side attack has reached a dead
point. besides, the weakness of the c4-square is a permanent source of worry.
This type of position (with precisely same structure, and pieces left on board)
is known to faour Black from such classical games as Portisch-Kasparov,
Skelleftea 1989 and Bobotsov-Petrosian, Lugano (ol) 1968.}) 15. b4 Nd6 16. Bxf5
Nxf5 17. Nc5 Nd6 18. a4 Nfe4 19. Rfc1 f6 20. Ned3 Nc4 21. Nxe4 Qxe4 22. Qc3 b6
(22... Nd6 23. Nc5 Qe7 {(/\a6-/+)} 24. b5 b6 25. Na6 cxb5 26. Qb3 Rc4 27. axb5
Rfc8 $15) 23. Nb2 Nd6 24. Qd3 f5 25. Rc2 $132 a5 26. Rbc1 f4 27. bxa5 bxa5 28.
Qd2 Rb8 29. exf4 {It might seem too early for losing on time. However, Tomy
had some reasons for being slow during this second round (first one for him as
we shall see). Just as some other GM's (including me) flying Aeroflot to
Moscow, he was forced to spend about 16 hours in the St. Petersburg airport,
because of "bad weather in Moscow". However, meteorology is not an excuse for
depriving the passengers for the elementary rights of being taken to a hotel
room on the company's expenses given some decent meal. We all reached the
playing hall just when the games of the first round were about to start but
were allowed getting half points without playing. However, the tireness caused
by the incompetence of the Aeroflot staff was hardly over until the second
round. For instance, I completely forgot about my own time in a better
position and with my opponent having just one (!) second left on his clock.}
0-1

[Event "EU-ch 18th"]
[Site "Minsk"]
[Date "2017.06.10"]
[Round "11"]
[White "Bluebaum, Matthias"]
[Black "Naiditsch, Arkadij"]
[Result "1-0"]
[WhiteElo "2632"]
[BlackElo "2700"]
[Annotator "Mekhitarian,K"]
[PlyCount "73"]
[EventDate "2017.05.30"]
[EventType "swiss"]
[EventRounds "11"]
[EventCountry "BLR"]
[SourceTitle "CBM 179"]
[Source "ChessBase"]
[SourceDate "2017.07.12"]
[SourceVersion "1"]
[SourceVersionDate "2017.07.12"]
[SourceQuality "1"]

1. d4 Nf6 2. c4 e6 3. Nc3 d5 4. cxd5 exd5 5. Bg5 c6 6. e3 Bf5 {Black does not
want to allow the standard setup with Bd3-Qc2. On the other hand, now White
can enter a slightly favourable endgame.} 7. Qf3 Bg6 8. Bxf6 Qxf6 9. Qxf6 gxf6
{This endgame was first played back in 1955 in the game Geller - Porreca.} 10.
Nf3 (10. Kd2 Nd7 11. Bd3 {exchanging the bishops is also rather logical} O-O-O
12. Nge2 Rg8 13. Rhg1 Kb8 14. Rad1 Nb6 15. Ng3 Nc4+ 16. Kc2 Nd6 $11 {1-0 (34)
Geller,E-Porreca,G Zagreb 1955, The Italian master played it correctly and
achieved a fine position, the knight almost always belongs to this square in
this variation.}) 10... Nd7 11. Nh4 Nb6 $6 (11... Be7 {is the most common move
- f4 is stopped now, because f5 attacks the knight on h4} 12. Ne2 $1 {an
important novelty (played by Carlsen against Kramnik) that has already found
many followers} (12. f4 {doesn't look good now} f5 13. Nf3 {and Black is
perfectly fine, the visually bad placed bishop on g6 may come into play on h5,
and the f5-weakness is easily defended with the knight on d6:} Nb6 14. Bd3 Nc8
15. a3 a5 16. Na4 Nd6 $11 {0-1 (82) Ambartsumova,K (2301)-Pogonina,N (2508)
Plovdiv 2014}) 12... Nb6 (12... f5 13. g3 $1 Nb6 (13... Bxh4 14. gxh4 $16 {
½-½ (29) Moiseenko,A (2648)-Cyborowski,L (2524) Germany 2016, looks very
good for White after Nf4.}) 14. Nf4 Nc8 15. Bd3 Nd6 16. b4 a6 17. Ke2 Ne4 18.
a3 Kd7 19. Rhc1 Rhe8 20. Nhg2 Nd6 21. h4 $16 {1-0 (50) Bai,J (2586)-Sethuraman,
S (2633) Chengdu 2017}) 13. Ng3 $1 Bb4+ 14. Kd1 Na4 15. Ngf5 $1 Kd7 16. Rb1 Ke6
17. Bd3 Rhc8 18. Ke2 $16 {1-0 (50) Carlsen,M (2851)-Kramnik,V (2801) Stavanger
2016, this game has amazing analysis by M. Marin.}) 12. f4 $1 {Simple and good,
White wants to play f5. If Black plays ...f5 himself, he is not in time to
bring the knight to d6.} h5 $146 (12... f5 {has been played in some recent
games, but Black also suffers} 13. Bd3 {[%csl Rf5]} Be7 (13... Nc4 14. Bxc4
dxc4 15. Kf2 c5 {looks logical to open up lines, but White has very good
control of the centre, and the g6-bishop does not come into play easily} 16.
Rhd1 Rc8 17. Rac1 Be7 18. Nf3 $1 Bh5 19. Nd5 b5 20. b3 $1 $16 {1-0 (48)
Carlsen,M (2838)-Sharafiev,A (2433) chess.com INT 2017}) 14. Nxf5 Bb4 (14...
Nc4 $1 {was the best chance} 15. Bxc4 Bxf5 $16 {but White simply holds on to
the pawn and will slowly try to convert it}) 15. O-O-O Bxf5 16. Bxf5 Nc4 17.
Bd3 $1 $16 {1-0 (30) Ju,W (2568)-Pham,L (2335) Abu Dhabi 2016 it is already
very bad for Black.}) 13. Kf2 Nc8 {A standard regrouping to d6.} 14. f5 $1 Bh7
15. h3 $5 {White's plan is simple - to play against the bad bishop on h7. True,
the dark-squared bishop gains life now on h6, but that's not enough.} Nd6 16.
g4 Kd7 17. Bd3 Bh6 18. Ng2 $1 {[%csl Rh7] The knight has already done its job;
now the plan is to reach the f4-square. It's hard to give good advice for
Black.} Rae8 (18... a5 {is one of the typical plans, creating some play on the
queenside. White probably will prepare e4, and will try to play an open
position, making the absence of the h7-bishop more sensitive.} 19. e4 $5 dxe4
20. Nxe4 Nxe4+ 21. Bxe4 a4 22. Kf3 $16 {should be good for White, after Nf4,
and bringing the rooks over to the centre.}) 19. Kf3 Re7 20. Nf4 Bg5 21. Rae1 {
Preparing e4.} Rhe8 22. e4 $5 {Logical - White opens up the position and plays
'a piece up', since the h7-bishop only comes into play with a sacrifice on f5.}
({But there was a stronger option:} 22. Ncxd5 $1 cxd5 23. Nxd5 {[%csl Re7]} a6
24. Nxe7 Kxe7 25. Rh2 $18 {followed by Rc2 should be a win for White. At some
point the central pawns will decisively advance.}) 22... hxg4+ 23. hxg4 Bxf5 $1
24. gxf5 Nxf5 25. Ng2 (25. Nfe2 $5 {defending d4 was possible, but also had
drawbacks:} dxe4+ 26. Nxe4 Nh4+ $1 27. Rxh4 Bxh4 28. Rh1 Rh8 {White is still
better, but Black survives} 29. Bc4 $16) 25... Bd2 $2 {This loses.} (25...
Nxd4+ $1 26. Kf2 dxe4 27. Nxe4 $16 {would certainly offer drawing chances,
with three pawns for the piece, and reduced material in the board.}) 26. exf5
$1 Rxe1 (26... Bxe1 27. Nxd5 $1 {this is probably what Black has missed.} cxd5
28. Bb5+ Kd6 29. Bxe8 $18 {with a hopeless position.}) 27. Nxe1 Rxe1 (27...
Bxe1 {runs into the same trick:} 28. Nxd5 $18) 28. Rxe1 Bxe1 29. Ke3 $18 {
With an easy win now.} a5 30. Na4 Kd6 31. Be2 Bg3 32. Nc5 $1 {Provoking
weaknesses.} b6 33. Na4 b5 (33... Kc7 34. Bh5 $18) 34. Nc5 Ke7 35. a4 $1 {
Fixing the a5-weakness.} b4 (35... bxa4 {would also mean a certain defeat} 36.
Nxa4 $18 {[%csl Rc6]}) 36. Nb3 Bc7 37. Kf3 $18 {Followed by Kg4-Kh5-Ba6-Bb7,
and White will win many pawns - Black has no counterplay.} 1-0